000
00317nam a2200133Ia 4500
005
20251222155142.0
008
251222s9999||||xx |||||||||||||| ||spa||
082
_a
INV. 16
100
_a
DE GUEVARA L.
245
0
_a
Metodología de Investigación Científica
250
_a
4ta. ed.
264
_b
Usta
942
_c
LIB
999
_c
39222
_d
39222